| 000 | 00887cab a22002175a 4500 | ||
|---|---|---|---|
| 001 | L160209 | ||
| 008 | 190226e2019 xxk 000 0 eng d | ||
| 035 | _a(Sirsi) u160209 | ||
| 041 | 0 | _aeng | |
| 100 | 1 | _aThompson, Brian | |
| 245 | 0 | 0 |
_aWhere are councils investing and why? _h[electronic resource] |
| 490 |
_aRICS Property Journal _vJanuary/February 2019, 24-26(3) |
||
| 520 | _aExamines the growth in investment by local authorities in commercial property peaking in 2017, aimed at providing a long term income stream. | ||
| 590 | _aNTK | ||
| 650 | 2 | 4 | _aLOCAL AUTHORITIES |
| 651 | 4 |
_aUnited Kingdom _y |
|
| 690 |
_aCommercial property _96227 |
||
| 690 |
_aInvestments _96250 |
||
| 856 | 4 | 0 |
_uhttps://www.rics.org/globalassets/rics-website/media/news/journals/property/property-journal-jan-feb-19-rics.pdf _zView the item free of charge from the www.rics.org website |
| 942 | _n0 | ||
| 999 |
_c85187 _d85187 |
||